000 00788nam a2200217Ii 4500
003 JO-AjNU
008 230605s9999||||xx |||||||||||||| ||und||
017 _a2019/6/2808
040 _aJO-AjNU
_bara
_erda
_cJO-AjNU
041 _aara
050 1 4 _aLB1025.3.J373.2021
100 3 _a الجراح، فيصل صالح,
_eauthor
_961450
245 0 0 _aالاتجاهات الحديثة في التدريس=Modern Trends in Teaching
250 _aالطبعة الاولى
264 3 1 _aعمان: دار شهرزاد للنشر والتوزيع، 2021
300 _a211ص
336 _atext
_btxt
_2rdacontent
337 _aunmediated
_bn
_2rdamedia
338 _avolume
_bnc
_2rdacarrier
650 4 _aاساليب التدريس-المناهج-التاريخ- طرق التعلم
_961451
999 _aA27777
_c31345
_d31345